000 01314nam a2200325 i 4500
999 _c65980
_d65980
001 768714001
003 CO-MdFUSB
005 20201119105850.0
007 ta
008 200602t2008 us a|||| |||| 00| 0 spa d
020 _a9789875664036
040 _aCO-MdFUSB
_bspa
_cCO-MdFUSB
_dCO-MdFUSBC
_erda
041 _aspa
_hita
082 _223
_a853.914
_bE192
100 _aEco, Umberto.
_eautor
245 _aBaudolino
_c/ Umberto Eco ; traducido por Helena Lozano Miralles
264 1 _aBarcelona :
_bLumen,
_c[2008]
264 4 _c© 2008
300 _a637 páginas
_c; 23 cm
336 _2rdacontent
_atexto
_btxt
337 _2rdamedia
_asin mediación
_bn
338 _2rdacarrier
_avolumen
_bnc
520 _aEs abril de 1204, y Constantinopla, la espléndida capital del Imperio Bizantino, está siendo saqueada y quemada por los caballeros de la Cuarta Cruzada. En medio de la carnicería y la confusión, un Baudolino salva a un historiador y un funcionario de la corte superior de una muerte segura a manos de los guerreros cruzados y procede a contar su propia historia fantástica.
563 _aRústico
650 7 _2embne
_92492
_aLiteratura italiana
_yS.XX
653 _aVida monástica y religiosa
700 _92405
_aLozano Miralles, Helena.
_etraductor
942 _cBK
945 _aJTF-925